00895nam a2200193Ia 4500999001500000003000900015005001700024008004100041040002800082090002100110110006300131245009400194260008100288300004100369504006300410650006700473942001200540952014900552 c2736d2736DO-SdBJH20180417030028.0180414s9999 dr 000 0 spa d aDO-SdBJHbspacDO-SdBJH aDM PC 3-13 2006 aInstituto de Cooperación para la Seguridad Hemisférica10aOperaciones de información / Instituto de Cooperación para la Seguridad Hemisférica aFuerte Benning, Georgia : Cuartel General Secretaría del Ejército, 2006 a156 páginas en varias paginaciones aIncluye apéndices, referencia bibliográfica y glosario 4aOperaciones de información -- Operaciones cívico militares 2ddccBK 00102ddc40708DMaBEGEMbBEGEMcGENd2018-04-14i18-EERD-01189l0oDM PC 3-13 2006p18-EERD-01189r2018-04-14 00:00:00tEj.1w2018-04-14yBK